Espacio económico y competencia de regiones y naciones en la crisis asiática /
Gespeichert in:
| 1. Verfasser: | |
|---|---|
| Format: | Text |
| Schlagworte: | |
| Tags: |
Tag hinzufügen
Keine Tags, Fügen Sie den ersten Tag hinzu!
|
MARC
| LEADER | 00000 a a2200000 04500 | ||
|---|---|---|---|
| 001 | 42363 | ||
| 003 | |||
| 040 | |||
| 100 | |a Dabat, Alejandro | ||
| 245 | |a Espacio económico y competencia de regiones y naciones en la crisis asiática / |c Alejandro Dabat; Alejandro Toledo | ||
| 650 | |a MERCADO | ||
| 650 | |a ECONOMIA INTERNACIONAL | ||
| 650 | |a ASIA ORIENTAL | ||
| 650 | |a CUADROS ESTADISTICOS | ||
| 650 | |a EXPORTACIONES | ||
| 650 | |a IMPORTACIONES | ||
| 773 | |g volumen30, número119 ( , 1999), páginas 9-56 | ||
| 999 | |c 21854 |d 21854 | ||
